000 004290000a22001690004500
003 MACL
005 20160102165151.0
008 160102b xxu||||| |||| 00| 0 eng d
040 _aMACL
_cMACL
041 _aEnglish
082 _a820/GAY
100 _aGay, Florence
_927379
245 _aIn Praise of Australia
260 _bConstable & Co Ltd
_c1912
_aLondon
650 _aEnglish Literature
_927380
942 _cBK
_k820/GAY
_2ddc
999 _c36823
_d36823